000 00285nam a22001337a 4500
008 170922b xxu||||| |||| 00| 0 eng d
020 _a9780395667194
041 _aeng
080 _24 ED
_a37
100 _a46
101 _aEDU
245 _aKALEIDOSKOP
_cMOELLER.L
942 _2udc
_cBK
999 _c29251
_d29251